Vplyv globálnej finančnej a hospodárskej krízy na krajiny BRIC
Skutočnosti ovplyvňujúce smerovanie rozvíjajúcich sa trhov Brazílie, Ruska, Indie a Číny (BRIC) s obrovským ekonomickým potenciálom. Hospodársky úspech krajín BRIC zostavený na štruktúrovanom hospodárskom pláne. Vzťahy vlád rozvinutých a rozvíjajúcich sa ekonomík. Závislosť od politickej vôle a oživ...
Na minha lista:
| Autor principal: | |
|---|---|
| Formato: | Capítulo de Livro |
| Idioma: | eslovaco |
| Assuntos: | |
| Tags: |
Sem tags, seja o primeiro a adicionar uma tag!
|
MARC
| LEADER | 00000naa$a2200000$$$4500 | ||
|---|---|---|---|
| 001 | 0115614 | ||
| 005 | 20240502072304.1 | ||
| 041 | 0 | |a slo | |
| 044 | |a SK | ||
| 245 | 1 | 0 | |a Vplyv globálnej finančnej a hospodárskej krízy na krajiny BRIC |c Katarína Cséfalvayová |
| 520 | |a Skutočnosti ovplyvňujúce smerovanie rozvíjajúcich sa trhov Brazílie, Ruska, Indie a Číny (BRIC) s obrovským ekonomickým potenciálom. Hospodársky úspech krajín BRIC zostavený na štruktúrovanom hospodárskom pláne. Vzťahy vlád rozvinutých a rozvíjajúcich sa ekonomík. Závislosť od politickej vôle a oživenia ekonomík USA a EÚ. | ||
| 610 | 2 | 0 | |a BRICS |
| 610 | 2 | 0 | |a USA |
| 610 | 2 | 0 | |a Európska únia |
| 610 | 2 | 0 | |a kríza hospodárska |
| 610 | 2 | 0 | |a kríza finančná |
| 610 | 2 | 0 | |a trh medzinárodný |
| 610 | 2 | 0 | |a politika hospodárska medzinárodná |
| 610 | 2 | 0 | |a banky centrálne |
| 610 | 2 | 0 | |a systémy ekonomické |
| 100 | 1 | |a Cséfalvayová, Katarína | |